000 00301nam a22001337a 4500
008 170421b xxu||||| |||| 00| 0 eng d
020 _a9780805373653
041 _aeng
080 _24 ED
_a573
100 _a11
101 _aSHM
245 _aINVESTIGATING BIOLOGY
_cMORGAN.J.G
942 _2udc
_cBK
999 _c11398
_d11398